Latinská Amerika - partner pre nemecké hospodárstvo Postavenie na mimoriadne silnom trhu treba udržať a posilniť

Zahraničný obchod a hospodárske vzťahy Nemecka s Latinskou Amerikou. Podiel latinskoamerických tovarov na nemeckom importe. Celkový objem nemeckých investícií v Latinskej Amerike. Priaznivé vývojové perspektívy Latinskej Ameriky v porovnaní s východnou Európou. Príčiny nedostatočnej nemeckej angažov...

Descrizione completa

Salvato in:
Dettagli Bibliografici
Autore principale: Kálaj, J.
Natura: Capitolo di libro
Lingua:slovacco
Soggetti:
Tags: Aggiungi Tag
Nessun Tag, puoi essere il primo ad aggiungerne!!

MARC

LEADER 00000naa a2200000 4500
001 r015451
005 20221213114122.9
041 0 |a slo 
044 |a SK 
245 1 0 |a Latinská Amerika - partner pre nemecké hospodárstvo  |b Postavenie na mimoriadne silnom trhu treba udržať a posilniť  |c J. Kálaj 
520 |a Zahraničný obchod a hospodárske vzťahy Nemecka s Latinskou Amerikou. Podiel latinskoamerických tovarov na nemeckom importe. Celkový objem nemeckých investícií v Latinskej Amerike. Priaznivé vývojové perspektívy Latinskej Ameriky v porovnaní s východnou Európou. Príčiny nedostatočnej nemeckej angažovanosti na privatizácii určitých hospodárskych oblastí v Latinskej Amerike. 
610 2 0 |a Latinská Amerika 
610 2 0 |a Nemecko 
610 2 0 |a obchod zahraničný 
610 2 0 |a investície zahraničné 
610 2 0 |a východná Európa 
610 2 0 |a vzťahy ekonomické 
610 2 0 |a vývoz 
610 2 0 |a dovoz 
100 1 |a Kálaj, J.